| 000 | 00435nam a2200169 4500 | ||
|---|---|---|---|
| 005 | 20260116164228.0 | ||
| 008 | 260116b |||||||| |||| 00| 0 eng d | ||
| 020 | _a978-81-8328-612-1 | ||
| 041 | _aEnglish | ||
| 082 |
_aX 158.1 MEU _bB12174 |
||
| 100 |
_aMeurisse, Thibaut _9216234 |
||
| 245 | _aMaster Your Focus | ||
| 260 |
_aNew Delhi _bWisdom Tree _c2023 |
||
| 300 |
_axiv,175p _bpb |
||
| 365 |
_aRupaye _b288 _cINR |
||
| 942 | _cBK | ||
| 999 |
_c369898 _d369898 |
||